• 首页
  • 本馆介绍
  • 公告通知
  • 最新文献
  • 馆藏检索
  • 电子资源
  • 读者荐购
  • 参考咨询
  • CALIS
  • 我的图书馆
  • 登录
  • 详细信息显示
  • 放入我的书架
  • 预约/预借图书
  • 作者相关作品
  • 分类相关作品
  • 丛书相关作品
  • 出版社相关作品

书目信息

  • 表格格式
  • 工作单格式
  • 卡片格式
题名:
大学英语专业文化教学的优化思路研究
    
 
作者: 符俊 , 韩奉录 , 张琴 著
分册:  
出版信息: 武汉   武汉理工大学出版社  2025.03
页数: 213页
开本: 24cm
丛书名:
单 册:
中图分类: H319.3
科图分类:
主题词: 英语--教学研究--高等学校
电子资源:
ISBN: 978-7-5629-7201-3
 
 
 
 
 
000 01098nam0 2200253 450
001 013155750
005 20251022100639.12
010    @a978-7-5629-7201-3@dCNY95.00
100    @a20250414d2025 em y0chiy0120 ea
101 0  @achi
102    @aCN@b420000
105    @ay z 000yy
106    @ar
200 1  @a大学英语专业文化教学的优化思路研究@9da xue ying yu zhuan ye wen hua jiao xue de you hua si lu yan jiu@f符俊,韩奉录,张琴著
210    @a武汉@c武汉理工大学出版社@d2025.03
215    @a213页@d24cm
330    @a本书立足于跨文化交际的时代背景,对高校英语专业教学理论与实践进行研究。理论上基于跨文化交际的内涵,阐述了跨文化交际与高校英语专业教学的现状、指导原则、功能作用、教学任务等核心理论内容;实践上从高校英语专业教学模式的革新、教学内容的丰富、教师教学能力的提升、教学评价的完善、中华优秀传统文化的融入以及信息技术的运用多个维度进行展开。
606 0  @a英语@x教学研究@x高等学校
690    @aH319.3@v5
701  0 @a符俊@9fu jun@4著
701  0 @a韩奉录@9han feng lu@4著
701  0 @a张琴@9zhang qin@4著
801  0 @aCN@c20250910
905    @a河南城建学院图书馆@dH319.3@eF675@ZF675@f1
    
    大学英语专业文化教学的优化思路研究/符俊,韩奉录,张琴著.-武汉:武汉理工大学出版社,2025.03
    213页;24cm
    
    
    ISBN 978-7-5629-7201-3:CNY95.00
    本书立足于跨文化交际的时代背景,对高校英语专业教学理论与实践进行研究。理论上基于跨文化交际的内涵,阐述了跨文化交际与高校英语专业教学的现状、指导原则、功能作用、教学任务等核心理论内容;实践上从高校英语专业教学模式的革新、教学内容的丰富、教师教学能力的提升、教学评价的完善、中华优秀传统文化的融入以及信息技术的运用多个维度进行展开。
●
相关链接 在E读中查询图书 在当当中查询图书 在豆瓣中查询图书


正题名:大学英语专业文化教学的优化思路研究     索取号:H319.3/F675         预约/预借

序号 登录号 条形码 馆藏地/架位号 状态 备注
1 1633404   216334045   语言库209/209语言库 42排3列4层/ [索取号:H319.3/F675] 在馆    
河南城建学院图书馆 欢迎您!
大连网信软件有限公司© 版权所有